000 01101cam a22003377a 4500
003 CHAP
005 20220329142316.0
008 000605d1999 mx r 00110 spa d
010 _a81405
011 _a82377
020 _a9688845949
035 _a92869
040 _cCHAP
090 _aFolleto 15973
100 0 0 _aRosas Galicia, Rolando.
_9100013
245 1 0 _aPerversa flor
_c/por Rolando Rosas Galicia
260 _aChapingo, Méx. :
_bUACH,
_c1999.
300 _a41 p.
590 _aBATCH-UPD
_b10
_c20130110
_lUCH01
_h1812
590 _aBATCH-UPD
_b10
_c20130410
_lUCH01
_h1147
590 _aBATCH-UPD
_b10
_c20130914
_lUCH01
_h1926
590 _aCONVERSION
_b10
_c20130109
_lUCH01
_h1345
650 1 4 _aPoesía mexicana.
_990146
901 _aBK
905 _aLilia Sánchez G.
942 _cFOLL
949 _aFolleto 15973
_bBC
_cFOLL
_d33724002169785
_eTS2
_fc.4
_i92869
_sb
949 _aFolleto 15973
_bBC
_cFOLL
_d33724002169827
_eTS2
_fc.3
_i92869
_sb
949 _aFolleto 15973
_bBC
_cFOLL
_d33724002169868
_eTS2
_fc.2
_gI.c/e
_i92869
_sb
949 _aFolleto 15973
_bBC
_cUACH
_d928691
_eUACH
_i92869
_sb
999 _c81405
_d81405